La esquizofrenia clásica E.Bleuler, E.Minkowski, K.Schneider
محفوظ في:
| المؤلف الرئيسي: | |
|---|---|
| التنسيق: | كتاب |
| اللغة: | الإسبانية |
| منشور في: |
Santiago
Nueva Universidad
1981
|
| سلاسل: | Cuadernos Clínicos, 1
|
| الموضوعات: | |
| الوسوم: |
إضافة وسم
لا توجد وسوم, كن أول من يضع وسما على هذه التسجيلة!
|
MARC
| LEADER | 00000nam a2200000 a 4500 | ||
|---|---|---|---|
| 001 | UCY5437 | ||
| 003 | CL-VaPUC | ||
| 008 | 950508e19810000CL |||||||||||||||||spa|d | ||
| 082 | 0 | 4 | |a 616.898 |b OJE |2 21 |
| 100 | |a Ojeda Figueroa, César |e autor |9 334201 | ||
| 245 | 1 | 3 | |a La esquizofrenia clásica E.Bleuler, E.Minkowski, K.Schneider |
| 300 | |a 157 p | ||
| 942 | |c BK | ||
| 945 | |d 19950508 00:00:00 |a rbrito | ||
| 260 | |a Santiago |b Nueva Universidad |c 1981 | ||
| 650 | 0 | |a Esquizofrenia |9 312163 | |
| 650 | 0 | |a Trastornos mentales |9 307475 | |
| 650 | 7 | |a DEMENCIA |2 CL-VaPUC |9 334202 | |
| 650 | 7 | |a PSICOSIS |2 CL-VaPUC |9 315438 | |
| 583 | |a last modification |c 20170808 01:26:56 |k Rodrigo Vera | ||
| 490 | 0 | |a Cuadernos Clínicos, 1 | |
| 999 | |c 233098 |d 233096 | ||
| 952 | |0 0 |1 0 |4 0 |6 616_898000000000000_OJE_1981 |7 0 |8 P |9 238267 |a BIBEDU |b BIBEDU |c BIBEDU_PB |d 2019-11-18 |i 3082180 |o 616.898 OJE 1981 |p 3082180 |r 2024-01-25 |w 2019-11-18 |y BK |k PSI | ||